000 01463cab a22002535a 4500
001 L152386
008 110505s2011 xxk 000 0 eng d
035 _a(Sirsi) u152836
041 0 _aeng
100 1 _aCheffings, Nicholas
245 0 0 _a"Vacant possession"
_bwhat does it mean ?
260 _c2011
490 0 _aHogan Lovells Real Estate Quarterly
_vSpring 2011, 6-7(2)
520 _a"Vacant possession" is a widely used term in the property world found in: sale and purchase contracts, leasehold rent review clauses, covenants to yield up, settlement agreements, and even court possession orders. Suggests that the definition of "vacant possession" might be more complicated than a layman's description of "empty property". Outlines the judicial perspective as exemplified by Lewison J's classic analysis in "Legal and General Assurance v Expeditors International (UK) (see L133589). Examines the issue of chattels becoming fixtures and concludes that context is of overriding importance in arriving at a correct definition.
590 _aKA
650 2 4 _aLEGAL AND GENERAL ASSURANCE SOCIETY LTD V EXPEDITORS INTERNATIONAL (UK) LTD
650 2 4 _aIBREND ESTATES BV V NYK LOGISTICS (UK) LTD
650 2 4 _aTOPFELL V GALLEY PROPERTIES
650 2 4 _aLYON V LONDON CITY & MIDLAND BANK
650 2 4 _aCUMBERLAND CONSOLIDATED HOLDINGS LTD V IRELAND
690 _aPROPERTY-LEASEHOLD PROPERTY-LANDLORD AND TENANT
700 1 _aKing, Vivien
942 _n0
999 _c83110
_d83110